000 01981nam a2200373 i 4500
001 16228
003 ES-MaACL
005 20250813063257.0
007 t|
008 000711e1997 sp a |r 00|00|spa j
017 _aM 38148-1997
_bOficina Depósito Legal Madrid
020 _a84-7774-588-9
040 _aM-BN
_bspa
_cM-BN
080 _a7.034/.036
080 _a7.017.2
100 1 _aBaxandall, Michael,
_d1933-2008
_eaut
_926639
245 1 4 _aLas sombras y el Siglo de las Luces /
_cMichel Baxandall ; [traducción de Amaya Bozal Chamorro]
260 _aMadrid :
_bVisor,
_c[1997]
300 _a201 páginas, [16] páginas de láminas (color) ;
_c24 cm
490 1 _aLa balsa de la Medusa ;
_v88
_9178610
504 _aBibliografía: páginas 187-195
520 _aEste libro trata el problema de las sombras y su incidencia en nuestra experiencia visual. Yuxtapone las nociones de sombras propias de la modernidad y las del siglo XVIII con la intención de sacar partido de la tensión que se establece entre ambas. No pretende hacer, y no lo hace, una definición de sombras, pero atiende tanto a su práctica por los pintores cuanto a su explicación por los teóricos, y pone de manifiesto que no es un concepto negativo, una mera ausencia de luz. Aunque carece de un territorio específico y permanente, no por ello es menos activa, no por ello deja de aportar conocimiento. Pensar cómo la sombra podría aportarnos conocimiento conlleva la tarea de determinar cómo y hasta qué punto lo hace
534 _aTraducción de: Shadows and enlightenment
650 4 _aArte-
_yS.XVIII
_910133
650 0 _aArte-
_yS.XIX
_9233576
650 7 _aSombras (Arte)
_2embne
_911108
700 1 _aBozal, Amaya,
_d1972-
_etrl
_931208
830 3 _aLa balsa de la Medusa ;
_v88
_9178610
852 _aES-MaACL
_bR.128585
_cDEPO2
_jL-23455
942 _2udc
_cMONOGRAFIA
_n0
999 _c16228
_d16228